• 首页
  • 本馆介绍
  • 公告通知
  • 最新文献
  • 馆藏检索
  • 电子资源
  • 读者导购
  • 参考咨询
  • 我的图书馆
  • 登录
  • 详细信息显示
  • 放入我的书架
  • 预约/预借图书
  • 作者相关作品
  • 分类相关作品
  • 丛书相关作品
  • 出版社相关作品

书目信息

  • 表格格式
  • 工作单格式
  • 卡片格式
题名:
大学英语
    
 
作者: 张增健 主编
分册: 第一册   精读
出版信息: 上海   上海外语教育出版社  1998
页数: 167页
开本: 26厘米
丛书名:
单 册:
中图分类: H31
科图分类:
主题词: 英语--高等学校--教学参考资料
电子资源:
ISBN: 7-81046-393-4
000 00718nam0 2200229 45
001 0191021383
005 20070705092938.75
010    @a7-81046-393-4@dCNY9.80
100    @a19910829d1998 em y0chiy0121 ea
101 0  @aeng@gchi
105    @ay z 000yy
200 10 @a大学英语@ADA XUE YING YU@i精读@IJING DU@h第一册@i教师用书@IJIAO SHI YONG SHU@f张增健主编@FZHANG ZENG JIAN ZHU BIAN
205    @a2版@b修订本
210    @a上海@c上海外语教育出版社@d1998
215    @a167页@d26厘米
300    @a高等学校教材
540 1  @a大学 精读@ADA XUE JING DU
606    @a英语@x高等学校@x教学参考资料
690    @aH31
701  0 @a张增健@AZHANG ZENG JIAN@4主编
801  0 @aCN@bTSSF@c20070705
905    @a10447@dH31@e1031:1=2
    
    大学英语.精读.第一册.教师用书/张增健主编.-2版,修订本.-上海:上海外语教育出版社,1998
    167页;26厘米
    高等学校教材
    
    ISBN 7-81046-393-4:CNY9.80
    
●
相关链接 在E读中查询图书 在五车中查询图书 在当当中查询图书 在豆瓣中查询图书


正题名:大学英语     索取号:H31/1031:1=2         预约/预借

序号 登录号 条形码 馆藏地/架位号 状态 备注
1 0653792   206537924   第二样本阅览室/ [索取号:H31/1031:1=2] 在馆    
2 0765375   207653751   密集书库/ [索取号:H31/1031:1=2] 在馆    
唐山师范学院图书馆 欢迎您!
大连网信软件有限公司© 版权所有